<?xml version="1.0" encoding="UTF-8"?><?xml-stylesheet type="text/xsl" href="static/style.xsl"?><OAI-PMH xmlns="http://www.openarchives.org/OAI/2.0/" xmlns:xsi="http://www.w3.org/2001/XMLSchema-instance" xsi:schemaLocation="http://www.openarchives.org/OAI/2.0/ http://www.openarchives.org/OAI/2.0/OAI-PMH.xsd"><responseDate>2026-04-13T01:18:23Z</responseDate><request verb="GetRecord" identifier="oai:www.recercat.cat:2099.1/22668" metadataPrefix="marc">https://recercat.cat/oai/request</request><GetRecord><record><header><identifier>oai:recercat.cat:2099.1/22668</identifier><datestamp>2025-07-17T16:08:44Z</datestamp><setSpec>com_2072_1033</setSpec><setSpec>col_2072_452951</setSpec></header><metadata><record xmlns="http://www.loc.gov/MARC21/slim" xmlns:dcterms="http://purl.org/dc/terms/" xmlns:xsi="http://www.w3.org/2001/XMLSchema-instance" xmlns:doc="http://www.lyncode.com/xoai" xsi:schemaLocation="http://www.loc.gov/MARC21/slim http://www.loc.gov/standards/marcxml/schema/MARC21slim.xsd">
   <leader>00925njm 22002777a 4500</leader>
   <datafield ind2=" " ind1=" " tag="042">
      <subfield code="a">dc</subfield>
   </datafield>
   <datafield ind2=" " ind1=" " tag="720">
      <subfield code="a">Nogué Corominas, Martí</subfield>
      <subfield code="e">author</subfield>
   </datafield>
   <datafield ind2=" " ind1=" " tag="260">
      <subfield code="c">2014-05</subfield>
   </datafield>
   <datafield ind2=" " ind1=" " tag="520">
      <subfield code="a">En un contexto global de deslocalización de la producción a países con salarios más bajos, las empresas productivas occidentales se ven obligadas a innovar y redefinir sus procesos para ganar eficiencia y seguir siendo competitivas. En concreto este proyecto se basa en un proyecto real de consultoría, donde se analizará un proceso de incremento de eficiencia en una empresa catalana del sector cosmético que decide cambiar su ubicación a una nueva planta.&#xd;
Dicho cambio de instalaciones, genera una posibilidad de redefinir los procesos productivos y transversales de la empresa para optimizar recursos y tiempo. Asimismo también se decidirá implementar un nuevo sistema de información que permitirá agilizar la producción y la gestión de la mayor parte de funciones de la empresa. Se optará también por invertir en nueva maquinaria que podrá trabajar de forma integrada con el sistema así como de dispositivos de radio frecuencia que permitirán al operario validar sus operaciones, dando trazabilidad y visibilidad a los procesos.&#xd;
Se evaluará que soluciones se ajustan mejor a las necesidades de la empresa y se detallan todos los cambios en cada proceso con el objetivo de incrementar la eficiencia global y por lo tanto la competitividad de la empresa en el mercado.</subfield>
   </datafield>
   <datafield tag="653" ind2=" " ind1=" ">
      <subfield code="a">Àrees temàtiques de la UPC::Economia i organització d'empreses::Direcció d'operacions::Control estadístic de processos</subfield>
   </datafield>
   <datafield tag="653" ind2=" " ind1=" ">
      <subfield code="a">Process control</subfield>
   </datafield>
   <datafield tag="653" ind2=" " ind1=" ">
      <subfield code="a">Control de processos</subfield>
   </datafield>
   <datafield ind2="0" ind1="0" tag="245">
      <subfield code="a">Ganar eficiencia: implementación de un sistema de información y redefinición de procesos</subfield>
   </datafield>
</record></metadata></record></GetRecord></OAI-PMH>